|
|
|
|
| LEADER |
02285nam a22003853i 4500 |
| 001 |
EBC30882413 |
| 003 |
MiAaPQ |
| 005 |
20240729202206.0 |
| 006 |
m o d | |
| 007 |
cr cnu|||||||| |
| 008 |
240729s2023 xx o ||||0 eng d |
| 020 |
|
|
|a 9789180753432
|q (electronic bk.)
|
| 020 |
|
|
|z 9789180753425
|
| 035 |
|
|
|a (MiAaPQ)EBC30882413
|
| 035 |
|
|
|a (Au-PeEL)EBL30882413
|
| 035 |
|
|
|a (OCoLC)1409685553
|
| 040 |
|
|
|a MiAaPQ
|b eng
|e rda
|e pn
|c MiAaPQ
|d MiAaPQ
|
| 100 |
1 |
|
|a Wadström, Christoffer.
|
| 245 |
1 |
0 |
|a Navigating Interconnected and Electrified Industries in the Landscape of Uncertainty :
|b Exploring Outcomes and Values Within Circular Solutions, and Swedish Electricity Supply and Utilisation Dynamics.
|
| 250 |
|
|
|a 1st ed.
|
| 264 |
|
1 |
|a Linköping :
|b Linkopings Universitet,
|c 2023.
|
| 264 |
|
4 |
|c {copy}2023.
|
| 300 |
|
|
|a 1 online resource (154 pages)
|
| 336 |
|
|
|a text
|b txt
|2 rdacontent
|
| 337 |
|
|
|a computer
|b c
|2 rdamedia
|
| 338 |
|
|
|a online resource
|b cr
|2 rdacarrier
|
| 490 |
1 |
|
|a Linköping Studies in Science and Technology. Dissertations Series ;
|v v.2344
|
| 505 |
0 |
|
|a Intro -- Abstract -- Sammanfattning -- Acknowledgement -- List of appended papers -- Other publications -- Abbreviations -- Table of Contents -- List of figures -- List of tables -- 1. Introduction -- 2. The Swedish context -- 3. Sustainable systems -- 4. Theoretical framework -- 5. Research design & -- methods -- 6. Results & -- analysis -- 7. Discussion -- 8. Conclusion -- 9. Future studies -- Appendix -- References -- APPENDED PAPERS.
|
| 588 |
|
|
|a Description based on publisher supplied metadata and other sources.
|
| 590 |
|
|
|a Electronic reproduction. Ann Arbor, Michigan : ProQuest Ebook Central, 2024. Available via World Wide Web. Access may be limited to ProQuest Ebook Central affiliated libraries.
|
| 655 |
|
4 |
|a Electronic books.
|
| 776 |
0 |
8 |
|i Print version:
|a Wadström, Christoffer
|t Navigating Interconnected and Electrified Industries in the Landscape of Uncertainty
|d Linköping : Linkopings Universitet,c2023
|z 9789180753425
|
| 797 |
2 |
|
|a ProQuest (Firm)
|
| 830 |
|
0 |
|a Linköping Studies in Science and Technology. Dissertations Series
|
| 856 |
4 |
0 |
|u https://ebookcentral.proquest.com/lib/matrademy/detail.action?docID=30882413
|z Click to View
|